Julian Roger Herbert v Leonard Doyle and Xerxes Keke Talati (Record no. 81716)

MARC details
000 -LEADER
fixed length control field 01417cad a22001935a 4500
001 - CONTROL NUMBER
control field E148078
008 - FIXED-LENGTH DATA ELEMENTS--GENERAL INFORMATION
fixed length control field 090721e20080804xxk f v 000 0 eng d
035 ## - SYSTEM CONTROL NUMBER
System control number (Sirsi) u148078
041 0# - LANGUAGE CODE
Language code of text/sound track or separate title eng
245 04 - TITLE STATEMENT
Title Julian Roger Herbert v Leonard Doyle and Xerxes Keke Talati
Medium [electronic resource]
260 ## - PUBLICATION, DISTRIBUTION, ETC.
Date of publication, distribution, etc. 2009
520 ## - SUMMARY, ETC.
Summary, etc. [2008] EWHC 1950 (Ch), 4 August 2008. The case relates to a dispute over car parking spaces and other property-related issues, raising questions of proprietary estoppel and constructive trusts. The claimant (H) wanted the defendants (X) to keep to an agreement which provided for the swapping of the car parking spaces that they already had for others, due to a housing development which H had constructed and which encroached on the spaces. X responded with a defence and a counterclaim asserting that H had not fulfilled various commitments which also formed part of the agreement, and refusing to swap the spaces until these had been fulfilled. "Held": H would be entitled to the transfer of the spaces only once he had fulfilled the other terms of the agreement.
590 ## - LOCAL NOTE (RLIN)
Local note KA
650 24 - SUBJECT ADDED ENTRY--TOPICAL TERM
Topical term or geographic name entry element HERBERT V DOYLE AND ANOR
651 #4 - SUBJECT ADDED ENTRY--GEOGRAPHIC NAME
Geographic name England and Wales
Chronological subdivision 1543-
690 ## - LOCAL SUBJECT ADDED ENTRY--TOPICAL TERM (OCLC, RLIN)
Topical term or geographic name as entry element PROPERTY-COMMERCIAL PROPERTY-ACQUISITION AND DISPOSAL OF COMMERCIAL PROPERTY
856 40 - ELECTRONIC LOCATION AND ACCESS
Uniform Resource Identifier <a href="https://www.bailii.org/ew/cases/EWHC/Ch/2008/1950.html">https://www.bailii.org/ew/cases/EWHC/Ch/2008/1950.html</a>
Public note View the case free of charge at www.bailli.org...
942 ## - ADDED ENTRY ELEMENTS (KOHA)
Suppress in OPAC 0
Holdings
Withdrawn status Lost status Source of classification or shelving scheme Damaged status Not for loan Home library Current library Shelving location Date acquired Total Checkouts Full call number Barcode Date last seen Copy number Price effective from Koha item type
    Dewey Decimal Classification     Virtual Virtual Online 21/07/2009   ONLINE PUBLICATION 148078-2001 06/08/2019 1 06/08/2019 Journal article